| 000 | 00364nam a22001337a 4500 | ||
|---|---|---|---|
| 005 | 20241111100517.0 | ||
| 008 | 241111b |||||||| |||| 00| 0 eng d | ||
| 020 | _a0406894132 | ||
| 245 | _aThe All England Law Reports 1997 Vol. 1 | ||
| 260 |
_aLondon _bButterworths _c1997 |
||
| 300 |
_axix, 1024 pages _c23.5 cm |
||
| 650 |
_2Law Reports _xEngland |
||
| 942 |
_2lcc _cBK _n0 |
||
| 999 |
_c978 _d978 |
||